Time-saver standards for architectural design data (Record no. 8209)
[ view plain ]
| 000 -LEADER | |
|---|---|
| fixed length control field | 00382nam a2200133 4500 |
| 003 - CONTROL NUMBER IDENTIFIER | |
| control field | OSt |
| 005 - DATE AND TIME OF LATEST TRANSACTION | |
| control field | 20200813113303.0 |
| 008 - FIXED-LENGTH DATA ELEMENTS--GENERAL INFORMATION | |
| fixed length control field | 200813b ||||| |||| 00| 0 eng d |
| 020 ## - INTERNATIONAL STANDARD BOOK NUMBER | |
| International Standard Book Number | 9781259002892 |
| 082 ## - DEWEY DECIMAL CLASSIFICATION NUMBER | |
| Classification number | 721.021 |
| Item number | CAL |
| 100 ## - MAIN ENTRY--PERSONAL NAME | |
| Personal name | Callender, John Hancock; Watson, Donald, Crosbie, Michael J. |
| Dates associated with a name | 1937- |
| 245 ## - TITLE STATEMENT | |
| Title | Time-saver standards for architectural design data |
| 942 ## - ADDED ENTRY ELEMENTS (KOHA) | |
| Source of classification or shelving scheme | |
| Withdrawn status | Lost status | Source of classification or shelving scheme | Damaged status | Koha normalized classification for sorting | Not for loan | Permanent location | Current location | Date acquired | Full call number | Barcode | Date last seen | Price effective from | Non-public note | Koha item type | Public note |
|---|---|---|---|---|---|---|---|---|---|---|---|---|---|---|---|
| 721_021000000000000_CAL | BMS College of Architecture, Design and Planning | BMS College of Architecture, Design and Planning | 2020-08-13 | 721.021 CAL | AR-UG1772 | 2020-08-13 | 2020-08-13 | VTU 2021 Scheme | UG Books | ||||||
| BMS College of Architecture, Design and Planning | BMS College of Architecture, Design and Planning | 2021-11-27 | AR-DB34 | 2021-11-27 | 2021-11-27 | VTU 2021 Scheme | Donated Book | ||||||||
| BMS College of Architecture, Design and Planning | BMS College of Architecture, Design and Planning | 2022-07-01 | AR-DB420 | 2022-07-01 | 2022-07-01 | Donated by Ar. K.V. Harsha Babu, Harsha Design Associates | Donated Book | Donated by Ar. K.V. Harsha Babu, Harsha Design Associates |